All Asia FNCS Winners - Statistics

General Stats
  • This quiz has been taken 16 times
  • The average score is 15 of 53
Answer Stats
Hint Answer % Correct
Ch5 Season 3 Koyota
100%
Ch6 Season 1 Koyota
100%
Ch6 Season 3 koyota
100%
Ch6 Season 1 Rise
83%
Ch6 Season 3 Rise
83%
Ch4 Season 2 Yuma
83%
Ch6 Season 1 Yuma
83%
Ch6 Season 3 yuma
83%
Ch3 Season 3 Zagou
50%
Ch4 Season 1 Zagou
50%
Ch5 Season 1 Zagou
50%
Ch6 Season 2 Razl
42%
Ch2 Season 8 Swizzy
42%
Ch3 Season 3 Merem
33%
Ch6 Season 2 Raito
33%
Ch2 Season 6 Shamokiy
33%
Ch2 Season 8 Shamokiy
33%
Ch2 Season 4 Bob
25%
Ch4 Season 3 Boby
25%
Ch6 Season 2 Kimkana
25%
Ch5 Season 3 Mipoli
25%
Ch2 Season 1 Peterpan
25%
Ch3 Season 1 Runa
25%
Ch3 Season 2 Runa
25%
Ch5 Season 1 Shelom
25%
Ch2 Season 6 Allen
17%
Ch2 Season 6 Force
17%
Ch4 Season 2 Jaemon
17%
Ch5 Season 2 Job
17%
Ch1 Season X Maufin
17%
Ch2 Season 4 Maufin
17%
Ch3 Season 1 Pepo
17%
Ch3 Season 2 Pepo
17%
Ch4 Season 1 Pepo
17%
Ch2 Season 5 Alice
8%
Ch2 Season 1 Medusa
8%
Ch2 Season 1 Ming
8%
Ch2 Season 5 Qjac
8%
Ch2 Season 2 Rimura
8%
Ch2 Season 4 Ruri
8%
Ch2 Season 8 Zotax
8%
Ch2 Season 7 Clxxer
0%
Ch2 Season 3 Fram
0%
Ch2 Season 1 HoodJ
0%
Ch4 Season 3 Larkpez
0%
Ch5 Season 2 Michael
0%
Ch2 Season 5 Naetro
0%
Ch2 Season 7 Pacoteen
0%
Ch1 Season X Rizart
0%
Ch2 Season 2 Ryle
0%
All Star Showdown Speedy
0%
Ch2 Season 7 Takachan
0%
Ch1 Season X Takamura
0%
No matching quizzes found
Score Distribution
Percent of People with Each Score
Percentile by Number Answered
Your Score History
You have not taken this quiz